Educational planning : an inventory of major research needs.

Guardado en:
Bibliografiske detaljer
Institution som forfatter: International Institute for Educational Planning (IIEP)
Format: Bog
Sprog:engelsk
Fag:
Tags: Tilføj Tag
Ingen Tags, Vær først til at tagge denne postø!

MARC

LEADER 00000nam^a2200000^u^4500
001 000496705
005 20250521000000.0
008 061009s1000^^^^^^^^^^^^r^^^^^000^0^spa^d
009 20260526150928.473
035 |a FCE 000040257 
037 |a Acervo ITESO - Biblioteca 
041 |a eng 
082 0 4 |a 371.2  |b INTe 
110 |a International Institute for Educational Planning (IIEP) 
245 1 0 |a Educational planning :  |b an inventory of major research needs. 
264 |a Paris :  |b IIEP,  |c 1965. 
300 |a 53 p. 
336 |a texto  |b txt  |2 rdacontenido 
337 |a sin mediación  |b n  |2 rdamedio 
338 |a volumen  |b nc  |2 rdasoporte 
649 |a XX 
650 |a Financiamiento educativo 
650 |a Planificación de la educación 
650 |a Ensayo 
650 |a Necesidades educativas 
650 |a Costo de la educación 
650 |a Países en desarrollo 
910 |a Fondo Centro de Estudios Educativos 
920 |a Impresos - Libros 
930 |a Fondos Especiales 
905 |a 133 
901 |a ALE044693  |b IT2  |c CEE  |u 20250521 
902 |a https://opac.biblio.iteso.mx/vufind/Record/000496705